Sports Quiz

Random Sports or WWE Quiz

Pro Wrestling Factions (WWF/E, WCW, ECW) Quiz Stats

 Plays Quiz not verified by Sporcle

Score 0/165 Timer 12:00
0 Plays Today
Faction Wrestler % Correct
D-Generation XHHH
98.9%
EvolutionRic Flair
97.9%
Four HorsemenRic Flair
97.9%
nWo (WWF)Ric Flair
97.6%
EvolutionRandy Orton
97.5%
LegacyRandy Orton
97.5%
D-Generation XShawn Michaels
97.1%
nWo (WWF)Shawn Michaels
96.8%
Hart FoundationBret Hart
96.3%
EvolutionBatista
96.2%
Hart FoundationOwen Hart
96%
Nation of DominationOwen Hart
96%
nWo 2000Bret Hart
96%
D-Generation XX-Pac
94.7%
Million Dollar Corporation123 Kid
94.5%
D-Generation XBilly Gunn
93.5%
D-Generation XRoad Dogg
93.2%
D-Generation XChyna
91.6%
LegacyTed DiBiase
91.5%
nWo (WWF)X-Pac
91.1%
EvolutionHHH
90.1%
LegacyCody Rhodes
90.1%
Road Warriors/LODHawk
89.8%
Four HorsemenArn Anderson
89.7%
Dangerous AllianceArn Anderson
89.7%
Road Warriors/LODAnimal
89.3%
Hart FoundationJim Neidhart
88.2%
Hart FoundationBritish Bulldog
87.7%
nWo 2000Kevin Nash
86.9%
nWo (WWF)Kevin Nash
86.9%
Four HorsemenOle Anderson
86.9%
Diamond Mine/ExchangeVinnie Vegas
86.2%
Main Event MafiaKevin Nash
86.2%
Nation of DominationRocky Maivia
86.1%
La FamiliaChavo Guerrero
85.1%
nWo 2000Scott Hall
83.5%
nWo (WWF)Scott Hall
83.4%
Diamond Mine/ExchangeDiamond Studd
83%
NWABart Gunn
82.7%
Nation of DominationFaarooq
82.5%
Four HorsemenSting
81.4%
Main Event MafiaSting
80.7%
nWo (WWF)Hulk Hogan
80%
Four HorsemenChris Benoit
79.6%
Triple ThreatChris Benoit
79.6%
RevolutionChris Benoit
79.6%
Hart FoundationBrian Pillman
79.1%
Four HorsemenBrian Pillman
79.1%
D-Generation XRick Rude
78.1%
Dangerous AllianceRick Rude
78.1%
The FlockRaven
76.3%
The FlockHorace Hogan
76.3%
Nation of DominationD-Lo Brown
75.7%
Diamond Mine/ExchangeScotty Flamingo
75.5%
ECW OriginalsTommy Dreamer
74.6%
Faction Wrestler % Correct
nWo (WWF)Booker T
73.6%
Main Event MafiaBooker T
73.1%
Nation of DominationMark Henry
73.1%
Four HorsemenDean Malenko
72.5%
Triple ThreatDean Malenko
72.5%
RevolutionDean Malenko
72.5%
La FamiliaEdge
72.2%
Dangerous AllianceSabu
71.4%
ECW OriginalsSabu
71.2%
ECW OriginalsSandman
70.5%
Four HorsemenTully Blanchard
69.3%
ECW OriginalsRob Van Dam
68.3%
Main Event MafiaKurt Angle
67.8%
The FlockPerry Saturn
66.2%
RevolutionPerry Saturn
66.2%
Dangerous AllianceSteve Austin
65%
nWo 2000Scott Steiner
64.9%
Million Dollar CorporationSteve Austin
64.9%
Main Event MafiaScott Steiner
64.6%
Four HorsemenLex Luger
62.7%
Four HorsemenJeff Jarrett
62.2%
NWAJeff Jarrett
62.2%
nWo 2000Jeff Jarrett
62.1%
Four HorsemenBarry Windham
59.4%
NWABarry Windham
59.4%
Nation of DominationKama Mustafa
58.7%
Diamond Mine/ExchangeDiamond Dallas Page
58.5%
nWo (WWF)Big Show
57.5%
Four HorsemenSteve McMichael
56.4%
Road Warriors/LODPuke
55.6%
The FlockBilly Kidman
54.6%
Four HorsemenSid Vicious
53.6%
La FamiliaZack Ryder
53.5%
Million Dollar CorporationSid
53.5%
La FamiliaCurt Hawkins
52.7%
Triple ThreatShane Douglas
51.5%
RevolutionShane Douglas
51.5%
D-Generation XTori
51.4%
Triple ThreatBam Bam Bigelow
50.1%
Million Dollar CorporationBam Bam Bigelow
50%
Diamond Mine/ExchangeCurt Hennig
48.1%
Nation of DominationCrush
47.8%
FBILittle Guido
47.7%
FBIJT Smith
47.1%
Nation of DominationAhmed Johnson
46.9%
Million Dollar CorporationIRS
46.6%
Road Warriors/LODHeidenreich
45.9%
Nation of DominationSavio Vega
44.3%
New BreedCM Punk
43.9%
FBIBig Guido
43.9%
LegacySim Snuka
43.9%
Million Dollar CorporationKama
43.9%
Main Event MafiaSamoa Joe
42.7%
Four HorsemenCurt Hennig
42%
New BreedElijah Burke
41.4%
Faction Wrestler % Correct
Four HorsemenPaul Roma
40.8%
Dangerous AllianceJimmy Snuka
40.6%
LegacyManu
39.4%
Million Dollar CorporationTatanka
37.2%
Dangerous AllianceTaz
36.4%
The FlockSick Boy
36.2%
Million Dollar CorporationFake Undertaker
35.9%
NWABob Holly
35.2%
New BreedKevin Thorn
34.6%
Million Dollar CorporationKing Kong Bundy
34.4%
Dangerous AllianceBobby Eaton
34.1%
Nation of DominationWolfie D
33.3%
The FlockLodi
33.3%
FBITommy Rich
32.3%
Million Dollar CorporationXanta Klaus
31.8%
La FamiliaBam Neely
31.3%
The FlockStevie Richards
31%
New BreedMarcus Cor Von
30.6%
New BreedMatt Striker
30.5%
Triple ThreatChris Candido
29.8%
ECW OriginalsBalls Mahoney
29.8%
The FlockReese
29.5%
Triple ThreatLance Storm
29.4%
NWARicky Morton
29.2%
NWARobert Gibson
28.2%
nWo 2000Don Harris
27.7%
nWo 2000Ron Harris
27.7%
The FlockRiggs
27.5%
FBITony Mamaluke
27.4%
The FlockKanyon
27.4%
Dangerous AllianceLarry Zbyszko
26.5%
Nation of DominationJC Ice
26.3%
FBITracey Smothers
26.2%
Road Warriors/LODPower Warrior
24%
Dangerous AllianceMadusa
23.7%
Diamond Mine/ExchangeMadusa
23.7%
Million Dollar CorporationNikolai Volkoff
22.9%
The FlockHammer
19.4%
FBIChuck Palumbo
17.9%
FBIJohnny Stamboli
16.8%
Dangerous AllianceMichael Hayes
16.5%
Diamond Mine/ExchangeMichael Hayes
16.4%
NWADan Severn
15.4%
RevolutionAsya
13.7%
Dangerous Alliance911
13.5%
Diamond Mine/ExchangePaul Diamond
13.2%
FBISal E. Graziano
13.1%
Triple ThreatBrian Lee
12.2%
Diamond Mine/ExchangeJimmy Garvin
11.5%
Dangerous AllianceDon Muraco
10.9%
Diamond Mine/ExchangePat Tanaka
10.3%
Dangerous AllianceEddie Gilbert
8.8%
Diamond Mine/ExchangeBadstreet
8%
Dangerous AllianceDark Patriot
7.5%
Diamond Mine/ExchangeCol. DeBeers
3.8%

You're not logged in!

Compare scores with friends on all Sporcle quizzes.
OR
Log In

Show Comments

Extras

Top Quizzes Today


Score Distribution

Your Account Isn't Verified!

In order to create a playlist on Sporcle, you need to verify the email address you used during registration. Go to your Sporcle Settings to finish the process.

Report this User

Report this user for behavior that violates our Community Guidelines.

Details: